000 00949nam a2200205Ia 4500
003 Ost
005 20260507075736.0
008 260507s9999||||xx |||||||||||||| ||und||
040 _cfsecg
041 _aara
082 _a332.6
100 _aالنجار، فريد
_eمؤلف
245 0 _aالاستثمار بانظم الالكترونية والاقتصاد الرقمي /
_c فريد النجار
260 _aالاسكندرية:
_bمؤسسة شباب الجامعة,
_c2004
300 _a347 صفحة؛
_c23 سم
504 _aببليوغرافيا: ص.335 ملحق ص.339
520 _aالمقدمة للإستثمار الإلكتروني،الإقتصاد الرقمي،إدارة الاستثمار،التحليل الأساسي للإستثمار،إدارة الاستثمار المباشر،الإستثمار غير المباشر في الأوراق المالية
653 _aالاستثمار
942 _cكتاب
999 _c46092
_d46092